000 00258nam a22001217a 4500
008 190312b xxu||||| |||| 00| 0 eng d
041 _aeng
080 _a043.3
100 _a0
101 _aARK-BA
245 _aBanim Individual
_cTotaj,E
942 _2udc
_cBK
999 _c54733
_d54733